<?xml version="1.0" encoding="UTF-8"?>
<record
    xmlns:xsi="http://www.w3.org/2001/XMLSchema-instance"
    xsi:schemaLocation="http://www.loc.gov/MARC21/slim http://www.loc.gov/standards/marcxml/schema/MARC21slim.xsd"
    xmlns="http://www.loc.gov/MARC21/slim">

  <leader>02842nas a2200397 i 4500</leader>
  <controlfield tag="001">254619</controlfield>
  <controlfield tag="005">20251217113522.0</controlfield>
  <controlfield tag="007">ta</controlfield>
  <controlfield tag="008">890206e1982    dr qx p|co   ||   |o001 ||   | </controlfield>
  <datafield tag="011" ind1=" " ind2=" ">
    <subfield code="a">          </subfield>
  </datafield>
  <datafield tag="022" ind1=" " ind2=" ">
    <subfield code="a">3060-9879</subfield>
  </datafield>
  <datafield tag="022" ind1=" " ind2=" ">
    <subfield code="a">3060-9887 en l&#xED;nea.</subfield>
  </datafield>
  <datafield tag="040" ind1=" " ind2=" ">
    <subfield code="a">DO-SdBNP</subfield>
    <subfield code="b">spa</subfield>
    <subfield code="c">DO-SdBNP</subfield>
    <subfield code="e">rda</subfield>
  </datafield>
  <datafield tag="041" ind1=" " ind2=" ">
    <subfield code="h">spa</subfield>
  </datafield>
  <datafield tag="110" ind1=" " ind2=" ">
    <subfield code="a">Rep&#xFA;blica Dominicana. Sociedad Dominicana de Neumolog&#xED;a y Cirug&#xED;a del T&#xF3;rax (SDNCT)</subfield>
    <subfield code="9">88788</subfield>
  </datafield>
  <datafield tag="245" ind1=" " ind2=" ">
    <subfield code="a">Neumos : </subfield>
    <subfield code="b">revista especializada en v&#xED;as respiratorias /</subfield>
    <subfield code="c">Sociedad Dominicana de Neumolog&#xED;a y Cirug&#xED;a del T&#xF3;rax (SDNCT).</subfield>
  </datafield>
  <datafield tag="264" ind1=" " ind2=" ">
    <subfield code="a">Santo Domingo, Rep&#xFA;blica Dominicana :</subfield>
    <subfield code="b">Sociedad Dominicana de Neumolog&#xED;a y Cirug&#xED;a del T&#xF3;rax (SDNCT),</subfield>
    <subfield code="c">[1982-].</subfield>
  </datafield>
  <datafield tag="300" ind1=" " ind2=" ">
    <subfield code="a">volumen : </subfield>
    <subfield code="b">ilustraciones, fotograf&#xED;as, gr&#xE1;ficas ; </subfield>
    <subfield code="c">23 cm.</subfield>
  </datafield>
  <datafield tag="310" ind1=" " ind2=" ">
    <subfield code="a">Trimestral.</subfield>
  </datafield>
  <datafield tag="336" ind1=" " ind2=" ">
    <subfield code="a">texto</subfield>
    <subfield code="b">txt </subfield>
    <subfield code="2">rdacontent </subfield>
  </datafield>
  <datafield tag="337" ind1=" " ind2=" ">
    <subfield code="a">mediaci&#xF3;n </subfield>
    <subfield code="b">n </subfield>
    <subfield code="2">rdamedia </subfield>
  </datafield>
  <datafield tag="338" ind1=" " ind2=" ">
    <subfield code="a">volumen </subfield>
    <subfield code="b">nc </subfield>
    <subfield code="2">rdacarrier</subfield>
  </datafield>
  <datafield tag="362" ind1=" " ind2=" ">
    <subfield code="a">No. 1, [1982-].</subfield>
  </datafield>
  <datafield tag="500" ind1=" " ind2=" ">
    <subfield code="a">Catalogaci&#xF3;n basada en el primer volumen No. 1, [1982-] y a la vez no estaba registrado con ISSN.</subfield>
  </datafield>
  <datafield tag="500" ind1=" " ind2=" ">
    <subfield code="a">Las primeras publicaciones eran trimestrales.</subfield>
  </datafield>
  <datafield tag="500" ind1=" " ind2=" ">
    <subfield code="a">Residencia de Neumolog&#xED;a del Hospital Dr. Salvador B. Gautier.</subfield>
  </datafield>
  <datafield tag="500" ind1=" " ind2=" ">
    <subfield code="a">Revista Cient&#xED;fica.</subfield>
  </datafield>
  <datafield tag="520" ind1=" " ind2=" ">
    <subfield code="a">La Revista Neumos es &#xF3;rgano de divulgaci&#xF3;n oficial de la Sociedad Dominicana de Neumolog&#xED;a y Cirug&#xED;a del T&#xF3;rax (SDNCT). Es una publicaci&#xF3;n semestral, dos veces al a&#xF1;o, pudi&#xE9;ndose presentar n&#xFA;meros extraordinarios o especiales a criterio del Comit&#xE9; Editorial y de Redacci&#xF3;n (CER). Tambi&#xE9;n ser&#xE1; potestad del CER acortar o prolongar los per&#xED;odos de publicaci&#xF3;n de la revista si fuese necesario. Los n&#xFA;meros son publicados en formatos impreso y digital, gratuitos y de acceso abierto. Esta publicaci&#xF3;n cient&#xED;fica prioriza los estudios originales donde se presenten resultados relacionados con distintos aspectos epidemiol&#xF3;gicos, fisiopatol&#xF3;gicos, cl&#xED;nicos, quir&#xFA;rgicos y de investigaci&#xF3;n b&#xE1;sica del &#xE1;mbito respiratorio, tanto nacionales como internacionales. Tambi&#xE9;n se publican otro tipo de art&#xED;culos como revisiones, editoriales, art&#xED;culos especiales, casos cl&#xED;nicos de inusual inter&#xE9;s, normativas y consensos, cartas cient&#xED;ficas y cartas al Editor. </subfield>
  </datafield>
  <datafield tag="650" ind1=" " ind2=" ">
    <subfield code="9">49870</subfield>
    <subfield code="a">Neumon&#xED;a</subfield>
    <subfield code="v">Publicaciones peri&#xF3;dicas </subfield>
    <subfield code="z">Rep&#xFA;blica Dominicana</subfield>
  </datafield>
  <datafield tag="650" ind1=" " ind2=" ">
    <subfield code="9">49871</subfield>
    <subfield code="a">Enfermedades respiratorias</subfield>
    <subfield code="v">Publicaciones peri&#xF3;dicas </subfield>
    <subfield code="z">Rep&#xFA;blica Dominicana</subfield>
  </datafield>
  <datafield tag="650" ind1=" " ind2="0">
    <subfield code="a">Enfermedades de los pulmones</subfield>
    <subfield code="9">18209</subfield>
    <subfield code="v">Publicaciones peri&#xF3;dicas </subfield>
    <subfield code="z">Rep&#xFA;blica Dominicana</subfield>
  </datafield>
  <datafield tag="650" ind1=" " ind2="0">
    <subfield code="a">Asma</subfield>
    <subfield code="9">88791</subfield>
    <subfield code="x">Enfermedades de los pulmones</subfield>
    <subfield code="v">Publicaciones peri&#xF3;dicas </subfield>
    <subfield code="z">Rep&#xFA;blica Dominicana</subfield>
  </datafield>
  <datafield tag="710" ind1=" " ind2=" ">
    <subfield code="a">Hospital Salvador de Gautier.</subfield>
    <subfield code="b">Residencia de Neumolog&#xED;a</subfield>
    <subfield code="9">88789</subfield>
  </datafield>
  <datafield tag="856" ind1=" " ind2=" ">
    <subfield code="u">https://revista.sdnct.com.do/index.php/neumos/about</subfield>
  </datafield>
  <datafield tag="942" ind1=" " ind2=" ">
    <subfield code="c">ISSUE</subfield>
    <subfield code="2">ddc</subfield>
  </datafield>
  <datafield tag="952" ind1=" " ind2=" ">
    <subfield code="0">0</subfield>
    <subfield code="1">0</subfield>
    <subfield code="2">ddc</subfield>
    <subfield code="4">0</subfield>
    <subfield code="5">6</subfield>
    <subfield code="7">0</subfield>
    <subfield code="8">SE</subfield>
    <subfield code="a">BNPHU</subfield>
    <subfield code="b">BNPHU</subfield>
    <subfield code="d">2025-11-13</subfield>
    <subfield code="h">No. 1, [1982-]</subfield>
    <subfield code="l">0</subfield>
    <subfield code="p">2025-13073</subfield>
    <subfield code="r">2025-11-13</subfield>
    <subfield code="t">e.1</subfield>
    <subfield code="w">2025-11-13</subfield>
    <subfield code="y">ISSUE</subfield>
    <subfield code="z">Revista Especializada en V&#xED;as Respiratorias. </subfield>
  </datafield>
  <datafield tag="952" ind1=" " ind2=" ">
    <subfield code="0">0</subfield>
    <subfield code="1">0</subfield>
    <subfield code="2">ddc</subfield>
    <subfield code="4">0</subfield>
    <subfield code="5">6</subfield>
    <subfield code="7">0</subfield>
    <subfield code="8">SE</subfield>
    <subfield code="a">BNPHU</subfield>
    <subfield code="b">BNPHU</subfield>
    <subfield code="d">2025-11-13</subfield>
    <subfield code="h">No. 1, [1982-]</subfield>
    <subfield code="l">0</subfield>
    <subfield code="p">2025-13074</subfield>
    <subfield code="r">2025-11-13</subfield>
    <subfield code="t">e.2</subfield>
    <subfield code="w">2025-11-13</subfield>
    <subfield code="y">ISSUE</subfield>
    <subfield code="z">Revista Especializada en V&#xED;as Respiratorias. </subfield>
  </datafield>
  <datafield tag="952" ind1=" " ind2=" ">
    <subfield code="0">0</subfield>
    <subfield code="1">0</subfield>
    <subfield code="2">ddc</subfield>
    <subfield code="4">0</subfield>
    <subfield code="5">6</subfield>
    <subfield code="7">0</subfield>
    <subfield code="8">SE</subfield>
    <subfield code="a">BNPHU</subfield>
    <subfield code="b">BNPHU</subfield>
    <subfield code="d">2025-11-13</subfield>
    <subfield code="h">No. 1, [1982-]</subfield>
    <subfield code="l">0</subfield>
    <subfield code="p">2025-13075</subfield>
    <subfield code="r">2025-11-13</subfield>
    <subfield code="t">e.3</subfield>
    <subfield code="w">2025-11-13</subfield>
    <subfield code="y">ISSUE</subfield>
    <subfield code="z">Revista Especializada en V&#xED;as Respiratorias. </subfield>
  </datafield>
  <datafield tag="952" ind1=" " ind2=" ">
    <subfield code="0">0</subfield>
    <subfield code="1">0</subfield>
    <subfield code="2">ddc</subfield>
    <subfield code="4">0</subfield>
    <subfield code="5">6</subfield>
    <subfield code="7">0</subfield>
    <subfield code="8">SE</subfield>
    <subfield code="a">BNPHU</subfield>
    <subfield code="b">BNPHU</subfield>
    <subfield code="d">2025-11-13</subfield>
    <subfield code="h">No. 1, [1982-]</subfield>
    <subfield code="l">0</subfield>
    <subfield code="p">2025-13076</subfield>
    <subfield code="r">2025-11-13</subfield>
    <subfield code="t">e.4</subfield>
    <subfield code="w">2025-11-13</subfield>
    <subfield code="y">ISSUE</subfield>
    <subfield code="z">Revista Especializada en V&#xED;as Respiratorias. </subfield>
  </datafield>
  <datafield tag="952" ind1=" " ind2=" ">
    <subfield code="0">0</subfield>
    <subfield code="1">0</subfield>
    <subfield code="2">ddc</subfield>
    <subfield code="4">0</subfield>
    <subfield code="5">6</subfield>
    <subfield code="7">0</subfield>
    <subfield code="8">SE</subfield>
    <subfield code="a">BNPHU</subfield>
    <subfield code="b">BNPHU</subfield>
    <subfield code="d">2025-11-13</subfield>
    <subfield code="h">No. 1, [1982-]</subfield>
    <subfield code="l">0</subfield>
    <subfield code="p">2025-13077</subfield>
    <subfield code="r">2025-11-13</subfield>
    <subfield code="t">e.5</subfield>
    <subfield code="w">2025-11-13</subfield>
    <subfield code="y">ISSUE</subfield>
    <subfield code="z">Revista Especializada en V&#xED;as Respiratorias. </subfield>
  </datafield>
  <datafield tag="952" ind1=" " ind2=" ">
    <subfield code="0">0</subfield>
    <subfield code="1">0</subfield>
    <subfield code="2">ddc</subfield>
    <subfield code="4">0</subfield>
    <subfield code="5">6</subfield>
    <subfield code="7">0</subfield>
    <subfield code="8">SE</subfield>
    <subfield code="a">BNPHU</subfield>
    <subfield code="b">BNPHU</subfield>
    <subfield code="d">2025-11-13</subfield>
    <subfield code="h">Volumen 1, No. 2, enero-marzo, 1983</subfield>
    <subfield code="l">0</subfield>
    <subfield code="p">2025-13078</subfield>
    <subfield code="r">2025-11-13</subfield>
    <subfield code="t">e.1</subfield>
    <subfield code="w">2025-11-13</subfield>
    <subfield code="y">ISSUE</subfield>
    <subfield code="z">Revista Especializada en V&#xED;as Respiratorias. </subfield>
  </datafield>
  <datafield tag="952" ind1=" " ind2=" ">
    <subfield code="0">0</subfield>
    <subfield code="1">0</subfield>
    <subfield code="2">ddc</subfield>
    <subfield code="4">0</subfield>
    <subfield code="5">6</subfield>
    <subfield code="7">0</subfield>
    <subfield code="8">SE</subfield>
    <subfield code="a">BNPHU</subfield>
    <subfield code="b">BNPHU</subfield>
    <subfield code="d">2025-11-13</subfield>
    <subfield code="h">Volumen 1, No. 2, enero-marzo, 1983</subfield>
    <subfield code="l">0</subfield>
    <subfield code="p">2025-13079</subfield>
    <subfield code="r">2025-11-13</subfield>
    <subfield code="t">e.2</subfield>
    <subfield code="w">2025-11-13</subfield>
    <subfield code="y">ISSUE</subfield>
    <subfield code="z">Revista Especializada en V&#xED;as Respiratorias. </subfield>
  </datafield>
  <datafield tag="952" ind1=" " ind2=" ">
    <subfield code="0">0</subfield>
    <subfield code="1">0</subfield>
    <subfield code="2">ddc</subfield>
    <subfield code="4">0</subfield>
    <subfield code="5">6</subfield>
    <subfield code="7">0</subfield>
    <subfield code="8">SE</subfield>
    <subfield code="a">BNPHU</subfield>
    <subfield code="b">BNPHU</subfield>
    <subfield code="d">2025-11-13</subfield>
    <subfield code="h">Volumen 1, No. 2, enero-marzo, 1983</subfield>
    <subfield code="l">0</subfield>
    <subfield code="p">2025-13080</subfield>
    <subfield code="r">2025-11-13</subfield>
    <subfield code="t">e.3</subfield>
    <subfield code="w">2025-11-13</subfield>
    <subfield code="y">ISSUE</subfield>
    <subfield code="z">Revista Especializada en V&#xED;as Respiratorias. </subfield>
  </datafield>
  <datafield tag="952" ind1=" " ind2=" ">
    <subfield code="0">0</subfield>
    <subfield code="1">0</subfield>
    <subfield code="2">ddc</subfield>
    <subfield code="4">0</subfield>
    <subfield code="5">6</subfield>
    <subfield code="7">0</subfield>
    <subfield code="8">SE</subfield>
    <subfield code="a">BNPHU</subfield>
    <subfield code="b">BNPHU</subfield>
    <subfield code="d">2025-11-13</subfield>
    <subfield code="h">Volumen 1, No. 2, enero-marzo, 1983</subfield>
    <subfield code="l">0</subfield>
    <subfield code="p">2025-13081</subfield>
    <subfield code="r">2025-11-13</subfield>
    <subfield code="t">e.4</subfield>
    <subfield code="w">2025-11-13</subfield>
    <subfield code="y">ISSUE</subfield>
    <subfield code="z">Revista Especializada en V&#xED;as Respiratorias. </subfield>
  </datafield>
  <datafield tag="952" ind1=" " ind2=" ">
    <subfield code="0">0</subfield>
    <subfield code="1">0</subfield>
    <subfield code="2">ddc</subfield>
    <subfield code="4">0</subfield>
    <subfield code="5">6</subfield>
    <subfield code="7">0</subfield>
    <subfield code="8">SE</subfield>
    <subfield code="a">BNPHU</subfield>
    <subfield code="b">BNPHU</subfield>
    <subfield code="d">2025-11-13</subfield>
    <subfield code="h">Volumen 1, No. 2, enero-marzo, 1983</subfield>
    <subfield code="l">0</subfield>
    <subfield code="p">2025-13082</subfield>
    <subfield code="r">2025-11-13</subfield>
    <subfield code="t">e.5</subfield>
    <subfield code="w">2025-11-13</subfield>
    <subfield code="y">ISSUE</subfield>
    <subfield code="z">Revista Especializada en V&#xED;as Respiratorias. </subfield>
  </datafield>
  <datafield tag="952" ind1=" " ind2=" ">
    <subfield code="0">0</subfield>
    <subfield code="1">0</subfield>
    <subfield code="2">ddc</subfield>
    <subfield code="4">0</subfield>
    <subfield code="5">6</subfield>
    <subfield code="7">0</subfield>
    <subfield code="8">SE</subfield>
    <subfield code="a">BNPHU</subfield>
    <subfield code="b">BNPHU</subfield>
    <subfield code="d">2025-11-13</subfield>
    <subfield code="h">Volumen 1, No. 3 abril-junio, 1983</subfield>
    <subfield code="l">0</subfield>
    <subfield code="p">2025-13083</subfield>
    <subfield code="r">2025-11-13</subfield>
    <subfield code="t">e.1</subfield>
    <subfield code="w">2025-11-13</subfield>
    <subfield code="y">ISSUE</subfield>
    <subfield code="z">Revista Especializada en V&#xED;as Respiratorias. </subfield>
  </datafield>
  <datafield tag="952" ind1=" " ind2=" ">
    <subfield code="0">0</subfield>
    <subfield code="1">0</subfield>
    <subfield code="2">ddc</subfield>
    <subfield code="4">0</subfield>
    <subfield code="5">6</subfield>
    <subfield code="7">0</subfield>
    <subfield code="8">SE</subfield>
    <subfield code="a">BNPHU</subfield>
    <subfield code="b">BNPHU</subfield>
    <subfield code="d">2025-11-13</subfield>
    <subfield code="h">Volumen 1, No. 3 abril-junio, 1983</subfield>
    <subfield code="l">0</subfield>
    <subfield code="p">2025-13084</subfield>
    <subfield code="r">2025-11-13</subfield>
    <subfield code="t">e.2</subfield>
    <subfield code="w">2025-11-13</subfield>
    <subfield code="y">ISSUE</subfield>
    <subfield code="z">Revista Especializada en V&#xED;as Respiratorias. </subfield>
  </datafield>
  <datafield tag="952" ind1=" " ind2=" ">
    <subfield code="0">0</subfield>
    <subfield code="1">0</subfield>
    <subfield code="2">ddc</subfield>
    <subfield code="4">0</subfield>
    <subfield code="5">6</subfield>
    <subfield code="7">0</subfield>
    <subfield code="8">SE</subfield>
    <subfield code="a">BNPHU</subfield>
    <subfield code="b">BNPHU</subfield>
    <subfield code="d">2025-11-13</subfield>
    <subfield code="h">Volumen 1, No. 3, abril-junio, 1983</subfield>
    <subfield code="l">0</subfield>
    <subfield code="p">2025-13085</subfield>
    <subfield code="r">2025-11-13</subfield>
    <subfield code="t">e.3</subfield>
    <subfield code="w">2025-11-13</subfield>
    <subfield code="y">ISSUE</subfield>
    <subfield code="z">Revista Especializada en V&#xED;as Respiratorias. </subfield>
  </datafield>
  <datafield tag="952" ind1=" " ind2=" ">
    <subfield code="0">0</subfield>
    <subfield code="1">0</subfield>
    <subfield code="2">ddc</subfield>
    <subfield code="4">0</subfield>
    <subfield code="5">6</subfield>
    <subfield code="7">0</subfield>
    <subfield code="8">SE</subfield>
    <subfield code="a">BNPHU</subfield>
    <subfield code="b">BNPHU</subfield>
    <subfield code="d">2025-11-13</subfield>
    <subfield code="h">Volumen 3, No. 1-2, octubre-diciembre, 1984-enero-marzo, 1985</subfield>
    <subfield code="l">0</subfield>
    <subfield code="p">2025-13087</subfield>
    <subfield code="r">2025-11-13</subfield>
    <subfield code="t">e.1</subfield>
    <subfield code="w">2025-11-13</subfield>
    <subfield code="y">ISSUE</subfield>
    <subfield code="z">Revista Especializada en V&#xED;as Respiratorias. </subfield>
  </datafield>
  <datafield tag="952" ind1=" " ind2=" ">
    <subfield code="0">0</subfield>
    <subfield code="1">0</subfield>
    <subfield code="2">ddc</subfield>
    <subfield code="4">0</subfield>
    <subfield code="5">6</subfield>
    <subfield code="7">0</subfield>
    <subfield code="8">SE</subfield>
    <subfield code="a">BNPHU</subfield>
    <subfield code="b">BNPHU</subfield>
    <subfield code="d">2025-11-13</subfield>
    <subfield code="h">Volumen 5, No. 1-2, octubre-diciembre, 1986-enero-marzo, 1987</subfield>
    <subfield code="l">0</subfield>
    <subfield code="p">2025-13088</subfield>
    <subfield code="r">2025-11-13</subfield>
    <subfield code="t">e.1</subfield>
    <subfield code="w">2025-11-13</subfield>
    <subfield code="y">ISSUE</subfield>
    <subfield code="z">Revista Especializada en V&#xED;as Respiratorias. </subfield>
  </datafield>
  <datafield tag="952" ind1=" " ind2=" ">
    <subfield code="0">0</subfield>
    <subfield code="1">0</subfield>
    <subfield code="2">ddc</subfield>
    <subfield code="4">0</subfield>
    <subfield code="5">6</subfield>
    <subfield code="7">0</subfield>
    <subfield code="8">SE</subfield>
    <subfield code="a">BNPHU</subfield>
    <subfield code="b">BNPHU</subfield>
    <subfield code="d">2025-11-13</subfield>
    <subfield code="h">Volumen 3, No. 3-4, abril-junio, 1985-julio-septiembre, 1985</subfield>
    <subfield code="l">0</subfield>
    <subfield code="p">2025-13089</subfield>
    <subfield code="r">2025-11-13</subfield>
    <subfield code="t">e.1</subfield>
    <subfield code="w">2025-11-13</subfield>
    <subfield code="y">ISSUE</subfield>
    <subfield code="z">Revista Especializada en V&#xED;as Respiratorias. </subfield>
  </datafield>
  <datafield tag="952" ind1=" " ind2=" ">
    <subfield code="0">0</subfield>
    <subfield code="1">0</subfield>
    <subfield code="2">ddc</subfield>
    <subfield code="4">0</subfield>
    <subfield code="5">6</subfield>
    <subfield code="7">0</subfield>
    <subfield code="8">SE</subfield>
    <subfield code="a">BNPHU</subfield>
    <subfield code="b">BNPHU</subfield>
    <subfield code="d">2025-11-13</subfield>
    <subfield code="h">Volumen 32, No. 1, enero-junio, 2024</subfield>
    <subfield code="l">0</subfield>
    <subfield code="p">2025-13090</subfield>
    <subfield code="r">2025-11-13</subfield>
    <subfield code="t">e.1</subfield>
    <subfield code="w">2025-11-13</subfield>
    <subfield code="y">ISSUE</subfield>
    <subfield code="z">Revista Especializada en V&#xED;as Respiratorias. </subfield>
  </datafield>
  <datafield tag="952" ind1=" " ind2=" ">
    <subfield code="0">0</subfield>
    <subfield code="1">0</subfield>
    <subfield code="2">ddc</subfield>
    <subfield code="4">0</subfield>
    <subfield code="5">6</subfield>
    <subfield code="7">0</subfield>
    <subfield code="8">SE</subfield>
    <subfield code="a">BNPHU</subfield>
    <subfield code="b">BNPHU</subfield>
    <subfield code="d">2025-11-13</subfield>
    <subfield code="h">Volumen 32, No. 1, enero-junio, 2024</subfield>
    <subfield code="l">0</subfield>
    <subfield code="p">2025-13091</subfield>
    <subfield code="r">2025-11-13</subfield>
    <subfield code="t">e.2</subfield>
    <subfield code="w">2025-11-13</subfield>
    <subfield code="y">ISSUE</subfield>
    <subfield code="z">Revista Especializada en V&#xED;as Respiratorias. </subfield>
  </datafield>
  <datafield tag="952" ind1=" " ind2=" ">
    <subfield code="0">0</subfield>
    <subfield code="1">0</subfield>
    <subfield code="2">ddc</subfield>
    <subfield code="4">0</subfield>
    <subfield code="5">6</subfield>
    <subfield code="7">0</subfield>
    <subfield code="8">SE</subfield>
    <subfield code="a">BNPHU</subfield>
    <subfield code="b">BNPHU</subfield>
    <subfield code="d">2025-11-13</subfield>
    <subfield code="h">Volumen 32, No. 1, enero-junio, 2024</subfield>
    <subfield code="l">0</subfield>
    <subfield code="p">2025-13092</subfield>
    <subfield code="r">2025-11-13</subfield>
    <subfield code="t">e.3</subfield>
    <subfield code="w">2025-11-13</subfield>
    <subfield code="y">ISSUE</subfield>
    <subfield code="z">Revista Especializada en V&#xED;as Respiratorias. </subfield>
  </datafield>
  <datafield tag="999" ind1=" " ind2=" ">
    <subfield code="c">60040</subfield>
    <subfield code="d">60040</subfield>
  </datafield>
</record>
